Pedagogická revue časopis pre otázky pedagogickej teórie, praxe a psychológie

Saved in:
Bibliographic Details
Format: Serial
Language:Slovak
Published: Bratislava Slovenské pedagogické nakladateľstvo 1996
Tags: Add Tag
No Tags, Be the first to tag this record!

MARC

LEADER 00000nas2a2200000 4500
001 s107421
005 20250617090846.1
022 |a 1335-1982 
041 0 |a slo 
044 |a SK 
245 1 0 |a Pedagogická revue  |b časopis pre otázky pedagogickej teórie, praxe a psychológie 
264 1 |a Bratislava  |b Slovenské pedagogické nakladateľstvo  |c 1996 
300 |a 1 zv.